Statistiques concernant Culture Générale - Série 949

Cliquez ici pour prendre le quiz!

Statistiques générales

  • Ce quiz a été pris 87 fois
  • Le résultat moyen est 4 sur 10

Statistiques - réponses

QuestionRéponse% Correct
Quel adjectif qualifie une religion qui prône l'existence d'un dieu unique ?monothéiste
76%
D'après le titre d'un tube de Philippe Lavil, "Il tape sur des...bambous
74%
Selon l'expression, à quelle lettre grecque associe-t-on le fait de ne pas bouger du tout ?iota
58%
Dans quel genre littéraire se sont illustrés les américains, Philip K. Dick et Isaac Asimov ?science-fiction
56%
Pour lequel de ses films sorti en 1990, Kevin Costner a-t-il été à la fois acteur, réalisateur et producteur ?Danse avec les loups
46%
Quel fleuve forme la frontière entre la Birmanie et le Laos, puis entre la Thaïlande et le Laos ?Mékong
37%
Quel arbre menace d'envahir la planète d'où vient le “Petit Prince” de Saint-Exupéry ?baobab
31%
Au début du film "Bienvenue chez les Ch'tis", quelle ville le personnage de Kad Merad doit-il quitter ?Salon de Provence
17%
Quel réalisateur a adapté le roman de Marcel Aymé “Uranus” en 1990 ?Claude Berri
8%
Comment se nomme le vieux sage qui accompagne le héros de BD Lanfeust de Troy dans ses aventures ?Nicolède
1%

Distribution des résultats

Percentile par nombre de réponses

% des personnes avec chaque résultat

Votre développement - résultats

Vous n’avez pas pris ce quiz